[Event "Reykjavik Open 2025"]
[Site "Reykjavik"]
[Date "2025.04.10"]
[Round "2.178"]
[White "Gudjonsson, Anton Vignir"]
[Black "Ishitsu, Mike"]
[Result "1-0"]
[WhiteElo "1750"]
[WhiteFideId "2323664"]
[BlackElo "1486"]
[BlackFideId "7007124"]
[Variant "Standard"]
[StudyName "ROpen 2025 - Rd2 - Boards 173-END"]
1. d4 e6 2. Bf4 c5 3. c3 Qb6 4. Qd2 cxd4 5. cxd4 Nf6 6. Nf3 Bb4 7. Nc3 Nd5 8. a3 Qa5 9. Rc1 Bxc3 10. bxc3 Nxf4 11. Qxf4 Qxa3 12. e4 O-O 13. Bd3 d5 14. O-O h6 15. Rfe1 Nd7 16. exd5 exd5 17. Qc7 Nf6 18. Ra1 Ne8 19. Qxf7+ Kxf7 20. Rxa3 Nd6 21. Ne5+ Kg8 22. Ng6 Bf5 23. Bxf5 Nxf5 24. Nxf8 Kxf8 25. Re5 Ne7 26. Kf1 a6 27. Ke2 Rc8 28. Re6 Kf7 29. Rb6 Nf5 30. Rxb7+ 1-0

[Event "Reykjavik Open 2025"]
[Site "Reykjavik"]
[Date "2025.04.10"]
[Round "2.180"]
[White "Zamvar, Vipin"]
[Black "Dickson, Eric"]
[Result "1-0"]
[WhiteElo "1733"]
[WhiteFideId "2403749"]
[BlackElo "1475"]
[BlackFideId "30947820"]
[Variant "Standard"]
[StudyName "ROpen 2025 - Rd2 - Boards 173-END"]
1. d4 Nf6 2. Bf4 d5 3. e3 e6 4. c3 a6 5. Nd2 Bd6 6. Bg3 O-O 7. Bd3 b5 8. Ngf3 c5 9. Ne5 Bb7 10. f4 Nc6 11. Bh4 Be7 12. Qf3 Nd7 13. Bxe7 Qxe7 14. Nxd7 Qxd7 15. dxc5 d4 16. Qh3 g6 17. cxd4 Nxd4 18. a3 Rfd8 19. O-O a5 20. Ne4 e5 21. Qxd7 Rxd7 22. fxe5 Rdd8 23. Nf6+ Kg7 24. exd4 Rxd4 25. Bxb5 a4 26. Rf2 Rdd8 27. Bd7 Ra6 28. Rc1 Bc6 29. Bxc6 Rxc6 30. Rc4 Ra6 1-0

[Event "Reykjavik Open 2025"]
[Site "Reykjavik"]
[Date "2025.04.10"]
[Round "2.182"]
[White "Jameson, Micah K"]
[Black "Sverrisson, Dagur"]
[Result "1/2-1/2"]
[WhiteElo "1726"]
[WhiteFideId "39971830"]
[BlackElo "1444"]
[BlackFideId "2326175"]
[Variant "Standard"]
[StudyName "ROpen 2025 - Rd2 - Boards 173-END"]
1. e4 e5 2. Nf3 Nc6 3. d4 exd4 4. Bc4 Bc5 5. c3 dxc3 6. Bxf7+ Kxf7 7. Qd5+ Ke8 8. Qxc5 cxb2 9. Bxb2 Nf6 10. e5 d6 11. exd6 Qxd6 12. Qxd6 cxd6 13. O-O Be6 14. Na3 Rd8 15. Rfe1 Kd7 16. Ng5 Bd5 17. Rad1 h6 18. Bxf6 gxf6 19. Rxd5 hxg5 20. Red1 Kc7 21. Nb5+ Kb6 22. Nxd6 Rhf8 23. Rb5+ Ka6 24. Rbd5 Kb6 25. Rb5+ Ka6 26. Rbd5 Rd7 27. Ne4 Rxd5 28. Rxd5 Re8 29. Nc5+ Kb6 30. Nd7+ Kc7 31. Kf1 Nb4 32. Nxf6 Rf8 33. Rf5 Kd8 34. a3 Nc2 35. Rd5+ Ke7 36. Nh7 Ne3+ 37. Ke2 Nxd5 38. Nxf8 Kxf8 39. Kf3 Kg7 40. Kg4 Kg6 41. h4 gxh4 42. Kxh4 b5 43. Kg4 b4 44. axb4 Nxb4 45. Kf4 a5 46. Ke3 Kf5 47. Kd2 a4 48. Kc3 a3 49. Kb3 a2 50. Kb2 Kf4 51. g3+ Kg4 52. Ka1 Kf3 53. Kb2 Kg4 54. Ka1 Kf5 55. f4 Ke4 56. Kb2 Kd3 57. f5 Nd5 58. Kxa2 Ke4 1/2-1/2

[Event "Reykjavik Open 2025"]
[Site "Reykjavik"]
[Date "2025.04.10"]
[Round "2.184"]
[White "Aeschbacher, Gregoire"]
[Black "Thorhallsson, Gunnar Thor"]
[Result "1-0"]
[WhiteElo "1717"]
[WhiteFideId "651084821"]
[BlackElo "1416"]
[BlackFideId "2331551"]
[Variant "Standard"]
[StudyName "ROpen 2025 - Rd2 - Boards 173-END"]
1. e4 e5 2. Nc3 Nf6 3. Nf3 Nc6 4. Bb5 Bd6 5. O-O b6 6. d3 h6 7. Re1 Bb7 8. d4 exd4 9. Bxc6 dxc6 10. e5 O-O 11. Nxd4 c5 12. Nf5 Re8 13. exd6 cxd6 14. Rxe8+ Nxe8 15. Qg4 Qf6 16. Nxh6+ Kf8 17. Bg5 Qg6 18. Qd7 Qxg5 19. Qxf7# 1-0

[Event "Reykjavik Open 2025"]
[Site "Reykjavik, Iceland"]
[Date "2025.04.10"]
[Round "3.1"]
[White "Maghsoodloo, Parham"]
[Black "Licznerski, Lukasz"]
[Result "1-0"]
[WhiteElo "2684"]
[BlackElo "2436"]
[PlyCount "83"]
[EventDate "2025.??.??"]
[TimeControl "90+30"]
[WhiteClock "0:28:22"]
[BlackClock "0:05:44"]

1. c4 {[%emt 0:00:00]} c6 {[%emt 0:00:00]} 2. d4 {[%emt 0:00:00]} d5 {[%emt 0:
00:00]} 3. Nf3 {[%emt 0:00:00]} Nf6 {[%emt 0:00:00]} 4. Nc3 {[%emt 0:00:00]}
dxc4 {[%emt 0:00:00]} 5. a4 {[%emt 0:00:00]} Bf5 {[%emt 0:00:00]} 6. Ne5 {
[%emt 0:00:00]} e6 {[%emt 0:00:00]} 7. f3 {[%emt 0:00:00]} Bb4 {[%emt 0:00:00]}
8. e4 {[%emt 0:00:00]} Bxe4 {[%emt 0:00:00]} 9. fxe4 {[%emt 0:00:00]} Nxe4 {
[%emt 0:00:00]} 10. Bd2 {[%emt 0:00:00]} Qxd4 {[%emt 0:00:00]} 11. Nxe4 {
[%emt 0:00:00]} Qxe4+ {[%emt 0:00:00]} 12. Qe2 {[%emt 0:00:00]} Bxd2+ {[%emt 0:
00:00]} 13. Kxd2 {[%emt 0:00:00]} Qd5+ {[%emt 0:00:00]} 14. Kc3 {[%emt 0:00:00]
} Na6 {[%emt 0:00:00]} 15. Qe3 {[%emt 0:00:00]} Qa5+ {[%emt 0:00:00]} 16. Kc2 {
[%emt 0:00:00]} Nb4+ {[%emt 0:00:00]} 17. Kc1 {[%emt 0:00:00]} Qd5 {[%emt 0:00:
00]} 18. Be2 {[%emt 0:00:00]} c3 {[%emt 0:00:00]} 19. Ra3 {[%emt 0:04:47]} O-O
{[%emt 0:00:00]} 20. bxc3 {[%emt 0:02:12]} Qxg2 {[%emt 0:00:00]} 21. Re1 {
[%emt 0:02:07]} Nd5 {[%emt 0:00:00]} 22. Qg3 {[%emt 0:00:01]} Qxg3 {[%emt 0:00:
00]} 23. hxg3 {[%emt 0:00:02]} Rad8 {[%emt 0:00:00]} 24. Rb3 {[%emt 0:02:46]}
f6 {[%emt 0:00:00]} 25. Nd3 {[%emt 0:00:10]} b6 {[%emt 0:00:00]} 26. c4 {
[%emt 0:00:01]} Nc7 {[%emt 0:00:00]} 27. Nb4 {[%emt 0:01:52]} Rd6 {[%emt 0:00:
00]} 28. Bf3 {[%emt 0:00:02]} Rf7 {[%emt 0:00:00]} 29. a5 {[%emt 0:00:56]} bxa5
{[%emt 0:04:00]} 30. Nxc6 {[%emt 0:00:01]} Na6 {[%emt 0:00:09]} 31. Rd1 {
[%emt 0:01:01]} Rxd1+ {[%emt 0:00:18]} 32. Kxd1 {[%emt 0:00:05]} Rd7+ {[%emt 0:
05:35]} 33. Kc2 {[%emt 0:01:12]} Rc7 {[%emt 0:00:44]} 34. Kc3 {[%emt 0:00:33]}
Nc5 {[%emt 0:01:29]} 35. Rb5 {[%emt 0:00:30]} Na4+ {[%emt 0:00:50]} 36. Kd4 {
[%emt 0:00:41]} Rd7+ {[%emt 0:00:11]} 37. Ke3 {[%emt 0:00:05]} a6 {[%emt 0:01:
17]} 38. Rb8+ {[%emt 0:00:52]} Kf7 {[%emt 0:00:03]} 39. Nxa5 {[%emt 0:00:24]}
Rc7 {[%emt 0:01:15]} 40. Bc6 {[%emt 0:00:38]} Nc5 {[%emt 0:00:09]} 41. Kd4 {
[%emt 0:00:31]} Nd7 {[%emt 0:00:16]} 42. Ke4 {[%emt 0:00:00]} 1-0

[Event "Reykjavik Open 2025"]
[Site "Reykjavik, Iceland"]
[Date "2025.04.10"]
[Round "3.2"]
[White "Prraneeth Vuppala"]
[Black "Ivic, Velimir"]
[Result "0-1"]
[WhiteElo "2433"]
[BlackElo "2623"]
[PlyCount "182"]
[EventDate "2025.??.??"]
[TimeControl "90+30"]
[WhiteClock "0:02:00"]
[BlackClock "0:02:06"]

1. e4 {[%emt 0:00:00]} c5 {[%emt 0:00:00]} 2. Nf3 {[%emt 0:00:00]} Nc6 {
[%emt 0:00:00]} 3. d4 {[%emt 0:00:00]} cxd4 {[%emt 0:00:00]} 4. Nxd4 {[%emt 0:
00:00]} Nf6 {[%emt 0:00:00]} 5. Nc3 {[%emt 0:00:00]} e5 {[%emt 0:00:00]} 6.
Ndb5 {[%emt 0:00:00]} d6 {[%emt 0:00:00]} 7. Nd5 {[%emt 0:00:00]} Nxd5 {
[%emt 0:00:00]} 8. exd5 {[%emt 0:00:00]} Nb8 {[%emt 0:00:00]} 9. a4 {[%emt 0:
00:00]} Be7 {[%emt 0:00:00]} 10. Bd2 {[%emt 0:00:00]} O-O {[%emt 0:00:00]} 11.
a5 {[%emt 0:00:00]} Bf5 {[%emt 0:00:00]} 12. Be3 {[%emt 0:00:00]} Na6 {[%emt 0:
00:00]} 13. c3 {[%emt 0:00:00]} Qb8 {[%emt 0:00:00]} 14. Be2 {[%emt 0:00:00]}
Nc7 {[%emt 0:00:00]} 15. O-O {[%emt 0:00:00]} Nxb5 {[%emt 0:00:00]} 16. Bxb5 {
[%emt 0:00:00]} Qc7 {[%emt 0:00:00]} 17. a6 {[%emt 0:00:00]} b6 {[%emt 0:00:00]
} 18. Ra4 {[%emt 0:00:00]} Rac8 {[%emt 0:00:00]} 19. f4 {[%emt 0:00:00]} exf4 {
[%emt 0:00:00]} 20. Raxf4 {[%emt 0:00:00]} Bg5 {[%emt 0:00:00]} 21. Rxf5 {
[%emt 0:00:00]} Bxe3+ {[%emt 0:00:00]} 22. Kh1 {[%emt 0:00:00]} g6 {[%emt 0:00:
00]} 23. R5f3 {[%emt 0:00:00]} Bh6 {[%emt 0:00:00]} 24. Qd4 {[%emt 0:00:00]}
Bg7 {[%emt 0:00:00]} 25. Qh4 {[%emt 0:00:00]} Be5 {[%emt 0:00:00]} 26. g4 {
[%emt 0:00:00]} f6 {[%emt 0:00:00]} 27. Qf2 {[%emt 0:00:00]} Rf7 {[%emt 0:00:
00]} 28. Qe2 {[%emt 0:00:00]} Rcf8 {[%emt 0:00:00]} 29. Qc4 {[%emt 0:00:00]}
Qd8 {[%emt 0:00:00]} 30. Qe4 {[%emt 0:01:15]} Kh8 {[%emt 0:00:00]} 31. Qe2 {
[%emt 0:01:55]} Qc8 {[%emt 0:00:00]} 32. Qc4 {[%emt 0:04:15]} Rc7 {[%emt 0:00:
00]} 33. Qe4 {[%emt 0:00:07]} Rc5 {[%emt 0:00:00]} 34. Bd3 {[%emt 0:05:35]} Qd7
{[%emt 0:00:00]} 35. Rh3 {[%emt 0:03:44]} Kg8 {[%emt 0:00:00]} 36. Qg2 {
[%emt 0:00:57]} b5 {[%emt 0:00:00]} 37. Rff3 {[%emt 0:01:12]} Qg7 {[%emt 0:04:
07]} 38. Rh4 {[%emt 0:00:35]} b4 {[%emt 0:02:02]} 39. Rfh3 {[%emt 0:00:29]}
bxc3 {[%emt 0:03:39]} 40. Rxh7 {[%emt 0:00:04]} Qxh7 {[%emt 0:00:20]} 41. Rxh7
{[%emt 0:00:09]} Kxh7 {[%emt 0:00:25]} 42. bxc3 {[%emt 0:00:00]} Rxc3 {[%emt 0:
00:00]} 43. Qe4 {[%emt 0:00:00]} Rg8 {[%emt 0:00:00]} 44. h4 {[%emt 0:00:00]}
Rg7 {[%emt 0:00:00]} 45. h5 {[%emt 0:00:00]} Kg8 {[%emt 0:00:00]} 46. hxg6 {
[%emt 0:00:00]} Re7 {[%emt 0:04:03]} 47. Kg2 {[%emt 0:00:00]} Kg7 {[%emt 0:02:
24]} 48. Qf5 {[%emt 0:00:00]} Rb3 {[%emt 0:00:56]} 49. Kf3 {[%emt 0:05:06]} Bd4
{[%emt 0:01:20]} 50. g5 {[%emt 0:00:24]} fxg5 {[%emt 0:01:42]} 51. Kg4 {
[%emt 0:00:16]} Rb2 {[%emt 0:01:45]} 52. Qf3 {[%emt 0:00:53]} Bf6 {[%emt 0:01:
28]} 53. Bf5 {[%emt 0:00:30]} Re1 {[%emt 0:02:38]} 54. Qa3 {[%emt 0:00:31]}
Rg1+ {[%emt 0:01:06]} 55. Kf3 {[%emt 0:00:24]} Rf1+ {[%emt 0:00:13]} 56. Ke3 {
[%emt 0:00:34]} Rxf5 {[%emt 0:00:32]} 57. Qxd6 {[%emt 0:00:03]} Kxg6 {[%emt 0:
00:34]} 58. Qd7 {[%emt 0:00:03]} Re5+ {[%emt 0:00:14]} 59. Kd3 {[%emt 0:00:10]}
Re7 {[%emt 0:00:20]} 60. Qc8 {[%emt 0:00:17]} Rb3+ {[%emt 0:00:42]} 61. Kd2 {
[%emt 0:00:03]} Rb2+ {[%emt 0:00:17]} 62. Kd3 {[%emt 0:00:08]} Rb6 {[%emt 0:00:
50]} 63. Qg8+ {[%emt 0:00:40]} Bg7 {[%emt 0:00:15]} 64. Qd8 {[%emt 0:00:20]}
Rf7 {[%emt 0:00:38]} 65. d6 {[%emt 0:00:30]} Rb4 {[%emt 0:00:27]} 66. Ke3 {
[%emt 0:01:21]} Rd4 {[%emt 0:00:22]} 67. Qb8 {[%emt 0:00:03]} Rd5 {[%emt 0:01:
07]} 68. Ke4 {[%emt 0:01:09]} Rd1 {[%emt 0:00:19]} 69. Ke3 {[%emt 0:01:10]} Kh6
{[%emt 0:00:39]} 70. Qb3 {[%emt 0:00:30]} Re1+ {[%emt 0:00:28]} 71. Kd2 {
[%emt 0:00:10]} Ref1 {[%emt 0:00:34]} 72. Qh3+ {[%emt 0:00:31]} Kg6 {[%emt 0:
00:01]} 73. Qd3+ {[%emt 0:00:34]} R1f5 {[%emt 0:00:43]} 74. d7 {[%emt 0:00:12]}
Bf6 {[%emt 0:00:03]} 75. d8=Q {[%emt 0:00:40]} Bxd8 {[%emt 0:00:03]} 76. Qxd8 {
[%emt 0:00:02]} g4 {[%emt 0:00:32]} 77. Qg8+ {[%emt 0:00:25]} Kh5 {[%emt 0:00:
06]} 78. Qh8+ {[%emt 0:01:02]} Kg5 {[%emt 0:00:04]} 79. Qd8+ {[%emt 0:00:12]}
Kf4 {[%emt 0:00:51]} 80. Qd4+ {[%emt 0:00:14]} Kf3 {[%emt 0:00:41]} 81. Qe3+ {
[%emt 0:00:29]} Kg2 {[%emt 0:00:05]} 82. Qe4+ {[%emt 0:00:03]} Kg3 {[%emt 0:00:
21]} 83. Qe3+ {[%emt 0:00:26]} Kh2 {[%emt 0:00:49]} 84. Qh6+ {[%emt 0:00:23]}
Kg2 {[%emt 0:00:11]} 85. Qc6+ {[%emt 0:00:21]} Rf3 {[%emt 0:00:34]} 86. Qe4 {
[%emt 0:00:37]} g3 {[%emt 0:00:41]} 87. Ke2 {[%emt 0:00:36]} Kg1 {[%emt 0:00:
27]} 88. Qd4+ {[%emt 0:00:33]} Rf2+ {[%emt 0:00:32]} 89. Ke1 {[%emt 0:00:14]}
R7f3 {[%emt 0:01:24]} 90. Qxa7 {[%emt 0:01:49]} Ra3 {[%emt 0:00:11]} 91. Qg7 {
[%emt 0:00:05]} Ra1+ {[%emt 0:00:09]} 0-1

[Event "Reykjavik Open 2025"]
[Site "Reykjavik, Iceland"]
[Date "2025.04.10"]
[Round "3.3"]
[White "Lu, Shanglei"]
[Black "Yankelevich, Lev"]
[Result "1/2-1/2"]
[WhiteElo "2618"]
[BlackElo "2413"]
[PlyCount "56"]
[EventDate "2025.??.??"]
[TimeControl "90+30"]
[WhiteClock "0:10:32"]
[BlackClock "0:06:38"]

1. e4 {[%emt 0:00:00]} e5 {[%emt 0:00:00]} 2. Nf3 {[%emt 0:00:00]} Nf6 {
[%emt 0:00:00]} 3. d4 {[%emt 0:00:00]} Nxe4 {[%emt 0:00:00]} 4. Bd3 {[%emt 0:
00:00]} d5 {[%emt 0:00:00]} 5. Nxe5 {[%emt 0:00:00]} Nd7 {[%emt 0:00:00]} 6.
Nxd7 {[%emt 0:00:00]} Bxd7 {[%emt 0:00:00]} 7. O-O {[%emt 0:00:00]} Bd6 {
[%emt 0:00:00]} 8. Nc3 {[%emt 0:00:00]} Nxc3 {[%emt 0:00:00]} 9. bxc3 {[%emt 0:
00:00]} O-O {[%emt 0:00:00]} 10. Qh5 {[%emt 0:00:00]} f5 {[%emt 0:00:00]} 11.
Bg5 {[%emt 0:00:00]} Qe8 {[%emt 0:00:00]} 12. Qf3 {[%emt 0:00:00]} c6 {[%emt 0:
00:00]} 13. Rfe1 {[%emt 0:00:00]} Qb8 {[%emt 0:00:00]} 14. h3 {[%emt 0:00:00]}
b5 {[%emt 0:00:00]} 15. a4 {[%emt 0:00:00]} a6 {[%emt 0:00:00]} 16. Be7 {
[%emt 0:00:00]} Re8 {[%emt 0:00:00]} 17. Bxd6 {[%emt 0:00:00]} Qxd6 {[%emt 0:
00:00]} 18. axb5 {[%emt 0:00:00]} Rxe1+ {[%emt 0:00:00]} 19. Rxe1 {[%emt 0:00:
00]} axb5 {[%emt 0:00:00]} 20. Re5 {[%emt 0:00:00]} Rf8 {[%emt 0:00:00]} 21. h4
{[%emt 0:00:00]} Qa3 {[%emt 0:00:00]} 22. Qf4 {[%emt 0:00:00]} Rf7 {[%emt 0:00:
00]} 23. Qg5 {[%emt 0:00:00]} h6 {[%emt 0:00:00]} 24. Qd8+ {[%emt 0:00:00]} Qf8
{[%emt 0:00:00]} 25. Qc7 {[%emt 0:00:00]} h5 {[%emt 0:03:48]} 26. Kh2 {[%emt 0:
00:00]} g6 {[%emt 0:01:46]} 27. Re3 {[%emt 0:04:03]} Re7 {[%emt 0:01:10]} 28.
Qd6 {[%emt 0:00:55]} Kf7 {[%emt 0:02:08]} 1/2-1/2

[Event "Reykjavik Open 2025"]
[Site "Reykjavik, Iceland"]
[Date "2025.04.10"]
[Round "3.4"]
[White "Ivanchuk, Vasyl"]
[Black "Kirk, Ezra"]
[Result "1-0"]
[WhiteElo "2604"]
[BlackElo "2394"]
[PlyCount "57"]
[EventDate "2025.??.??"]
[TimeControl "90+30"]
[WhiteClock "0:02:19"]
[BlackClock "0:01:04"]

1. d4 {[%emt 0:00:00]} Nf6 {[%emt 0:00:00]} 2. c4 {[%emt 0:00:00]} g6 {[%emt 0:
00:00]} 3. Nc3 {[%emt 0:00:00]} Bg7 {[%emt 0:00:00]} 4. e4 {[%emt 0:00:00]} d6
{[%emt 0:00:00]} 5. Be2 {[%emt 0:00:00]} O-O {[%emt 0:00:00]} 6. Nf3 {[%emt 0:
00:00]} Nbd7 {[%emt 0:00:00]} 7. O-O {[%emt 0:00:00]} e5 {[%emt 0:00:00]} 8.
Re1 {[%emt 0:00:00]} Qe7 {[%emt 0:00:00]} 9. Bf1 {[%emt 0:00:00]} h6 {[%emt 0:
00:00]} 10. Rb1 {[%emt 0:00:00]} c6 {[%emt 0:00:00]} 11. a3 {[%emt 0:00:00]}
Re8 {[%emt 0:00:00]} 12. d5 {[%emt 0:00:00]} c5 {[%emt 0:00:00]} 13. b4 {
[%emt 0:00:00]} b6 {[%emt 0:00:00]} 14. Qa4 {[%emt 0:00:00]} Nf8 {[%emt 0:00:
00]} 15. bxc5 {[%emt 0:00:00]} bxc5 {[%emt 0:00:00]} 16. Qa5 {[%emt 0:00:00]}
Rd8 {[%emt 0:00:00]} 17. Be2 {[%emt 0:00:00]} Nh5 {[%emt 0:00:00]} 18. g3 {
[%emt 0:00:00]} f5 {[%emt 0:00:00]} 19. exf5 {[%emt 0:00:00]} gxf5 {[%emt 0:00:
00]} 20. Nxe5 {[%emt 0:00:04]} Qxe5 {[%emt 0:00:00]} 21. Bb2 {[%emt 0:08:26]}
Re8 {[%emt 0:04:29]} 22. Bxh5 {[%emt 0:00:54]} Qxe1+ {[%emt 0:00:05]} 23. Rxe1
{[%emt 0:00:02]} Rxe1+ {[%emt 0:00:07]} 24. Kg2 {[%emt 0:00:01]} Re7 {[%emt 0:
04:14]} 25. Bc1 {[%emt 0:00:02]} Rd7 {[%emt 0:03:46]} 26. Bf4 {[%emt 0:02:05]}
Ba6 {[%emt 0:01:05]} 27. Qxa6 {[%emt 0:00:42]} Bxc3 {[%emt 0:00:08]} 28. Bxd6 {
[%emt 0:00:22]} Bd4 {[%emt 0:00:32]} 29. Bf4 {[%emt 0:01:03]} 1-0

[Event "Reykjavik Open 2025"]
[Site "Reykjavik, Iceland"]
[Date "2025.04.10"]
[Round "3.5"]
[White "Lu, Miaoyi"]
[Black "Banusz, Tamas"]
[Result "1/2-1/2"]
[WhiteElo "2429"]
[BlackElo "2592"]
[PlyCount "101"]
[EventDate "2025.??.??"]
[TimeControl "90+30"]
[WhiteClock "0:08:58"]
[BlackClock "0:23:56"]

1. e4 {[%emt 0:00:00]} c5 {[%emt 0:00:00]} 2. Nf3 {[%emt 0:00:00]} Nc6 {
[%emt 0:00:00]} 3. d4 {[%emt 0:00:00]} cxd4 {[%emt 0:00:00]} 4. Nxd4 {[%emt 0:
00:00]} Nf6 {[%emt 0:00:00]} 5. Nc3 {[%emt 0:00:00]} e5 {[%emt 0:00:00]} 6.
Ndb5 {[%emt 0:00:00]} d6 {[%emt 0:00:00]} 7. Nd5 {[%emt 0:00:00]} Nxd5 {
[%emt 0:00:00]} 8. exd5 {[%emt 0:00:00]} Nb8 {[%emt 0:00:00]} 9. Qd3 {[%emt 0:
00:00]} a6 {[%emt 0:00:00]} 10. Qa3 {[%emt 0:00:00]} Be7 {[%emt 0:00:00]} 11.
Bg5 {[%emt 0:00:00]} f6 {[%emt 0:00:00]} 12. Bd2 {[%emt 0:00:00]} O-O {[%emt 0:
00:00]} 13. Bb4 {[%emt 0:00:00]} axb5 {[%emt 0:00:00]} 14. Qxa8 {[%emt 0:00:00]
} Na6 {[%emt 0:00:00]} 15. Bd2 {[%emt 0:00:00]} Qc7 {[%emt 0:00:00]} 16. c3 {
[%emt 0:00:00]} Qc5 {[%emt 0:00:00]} 17. Be3 {[%emt 0:00:00]} Qxd5 {[%emt 0:00:
00]} 18. Qa7 {[%emt 0:00:00]} f5 {[%emt 0:00:00]} 19. f3 {[%emt 0:00:00]} Bh4+
{[%emt 0:00:00]} 20. Bf2 {[%emt 0:00:00]} Bg5 {[%emt 0:00:00]} 21. Rd1 {
[%emt 0:00:00]} Qxa2 {[%emt 0:00:00]} 22. Bxb5 {[%emt 0:00:00]} Qxb2 {[%emt 0:
00:00]} 23. Bc4+ {[%emt 0:00:00]} Kh8 {[%emt 0:00:00]} 24. O-O {[%emt 0:00:00]}
Qxc3 {[%emt 0:00:00]} 25. Bxa6 {[%emt 0:00:00]} bxa6 {[%emt 0:00:00]} 26. Rxd6
{[%emt 0:00:00]} Rg8 {[%emt 0:00:00]} 27. Rfd1 {[%emt 0:00:00]} Qc4 {[%emt 0:
00:00]} 28. Be3 {[%emt 0:00:00]} f4 {[%emt 0:00:00]} 29. Bb6 {[%emt 0:00:00]}
h6 {[%emt 0:00:00]} 30. Qc7 {[%emt 0:00:00]} Qb3 {[%emt 0:02:30]} 31. R6d3 {
[%emt 0:00:00]} Qe6 {[%emt 0:00:19]} 32. Re1 {[%emt 0:00:00]} Qg6 {[%emt 0:02:
30]} 33. Rdd1 {[%emt 0:02:34]} Bf6 {[%emt 0:00:55]} 34. Kh1 {[%emt 0:06:52]}
Bf5 {[%emt 0:00:45]} 35. Qb7 {[%emt 0:00:11]} Re8 {[%emt 0:02:47]} 36. Bc7 {
[%emt 0:02:29]} Kh7 {[%emt 0:02:04]} 37. Qxa6 {[%emt 0:03:29]} e4 {[%emt 0:00:
01]} 38. Bxf4 {[%emt 0:00:56]} exf3 {[%emt 0:00:16]} 39. gxf3 {[%emt 0:00:05]}
Bd3 {[%emt 0:04:28]} 40. Qa2 {[%emt 0:03:48]} Rxe1+ {[%emt 0:02:27]} 41. Rxe1 {
[%emt 0:00:02]} Qf5 {[%emt 0:00:54]} 42. Qd2 {[%emt 0:00:00]} g5 {[%emt 0:00:
00]} 43. Re3 {[%emt 0:00:00]} Bb5 {[%emt 0:00:00]} 44. Bg3 {[%emt 0:00:00]} g4
{[%emt 0:00:00]} 45. Qd1 {[%emt 0:00:00]} gxf3 {[%emt 0:00:00]} 46. Kg1 {
[%emt 0:00:00]} Be2 {[%emt 0:00:00]} 47. Rxe2 {[%emt 0:00:00]} fxe2 {[%emt 0:
00:00]} 48. Qxe2 {[%emt 0:00:00]} Bd4+ {[%emt 0:00:00]} 49. Bf2 {[%emt 0:00:00]
} Qxf2+ {[%emt 0:00:00]} 50. Qxf2 {[%emt 0:00:00]} Bxf2+ {[%emt 0:00:00]} 51.
Kxf2 {[%emt 0:00:00]} 1/2-1/2

[Event "Reykjavik Open 2025"]
[Site "Reykjavik, Iceland"]
[Date "2025.04.10"]
[Round "3.6"]
[White "Muradli, Mahammad"]
[Black "Willems, Niels"]
[Result "1-0"]
[WhiteElo "2588"]
[BlackElo "2394"]
[PlyCount "103"]
[EventDate "2025.??.??"]
[TimeControl "90+30"]
[WhiteClock "0:37:03"]
[BlackClock "0:01:12"]

1. Nf3 {[%emt 0:00:00]} Nf6 {[%emt 0:00:00]} 2. c4 {[%emt 0:00:00]} c5 {
[%emt 0:00:00]} 3. Nc3 {[%emt 0:00:00]} Nc6 {[%emt 0:00:00]} 4. g3 {[%emt 0:00:
00]} d5 {[%emt 0:00:00]} 5. d4 {[%emt 0:00:00]} cxd4 {[%emt 0:00:00]} 6. Nxd4 {
[%emt 0:00:00]} dxc4 {[%emt 0:00:00]} 7. Nxc6 {[%emt 0:00:00]} Qxd1+ {[%emt 0:
00:00]} 8. Nxd1 {[%emt 0:00:00]} bxc6 {[%emt 0:00:00]} 9. Bg2 {[%emt 0:00:00]}
Nd5 {[%emt 0:00:00]} 10. Ne3 {[%emt 0:00:00]} e6 {[%emt 0:00:00]} 11. Nxc4 {
[%emt 0:00:00]} Ba6 {[%emt 0:00:00]} 12. Na5 {[%emt 0:00:00]} Rc8 {[%emt 0:00:
00]} 13. Bd2 {[%emt 0:00:00]} Be7 {[%emt 0:00:00]} 14. Rc1 {[%emt 0:00:00]} c5
{[%emt 0:00:00]} 15. b3 {[%emt 0:00:00]} O-O {[%emt 0:00:00]} 16. O-O {[%emt 0:
00:00]} Rfd8 {[%emt 0:00:00]} 17. Bf3 {[%emt 0:00:00]} Bf6 {[%emt 0:00:00]} 18.
Rfd1 {[%emt 0:00:00]} Bb2 {[%emt 0:00:00]} 19. Rc2 {[%emt 0:00:00]} Ba3 {
[%emt 0:00:00]} 20. Be1 {[%emt 0:00:00]} Nb6 {[%emt 0:00:00]} 21. Rxd8+ {
[%emt 0:00:00]} Rxd8 {[%emt 0:00:00]} 22. Bd2 {[%emt 0:00:00]} Rd7 {[%emt 0:00:
00]} 23. Nc6 {[%emt 0:00:00]} Bb5 {[%emt 0:00:00]} 24. Be3 {[%emt 0:00:00]}
Bxc6 {[%emt 0:00:00]} 25. Bxc6 {[%emt 0:00:00]} Rc7 {[%emt 0:00:00]} 26. Rd2 {
[%emt 0:00:00]} Kf8 {[%emt 0:00:00]} 27. Rd8+ {[%emt 0:00:00]} Ke7 {[%emt 0:00:
00]} 28. Re8+ {[%emt 0:00:00]} Kf6 {[%emt 0:00:00]} 29. Be4 {[%emt 0:00:00]}
Nd5 {[%emt 0:00:00]} 30. Bxd5 {[%emt 0:00:00]} exd5 {[%emt 0:00:00]} 31. Bf4 {
[%emt 0:00:00]} Rc6 {[%emt 0:00:00]} 32. Rd8 {[%emt 0:01:51]} c4 {[%emt 0:00:
00]} 33. Rxd5 {[%emt 0:00:50]} c3 {[%emt 0:00:00]} 34. Ra5 {[%emt 0:00:08]} Bb2
{[%emt 0:00:00]} 35. Be5+ {[%emt 0:00:11]} Ke6 {[%emt 0:00:00]} 36. Bxg7 {
[%emt 0:00:32]} f6 {[%emt 0:00:00]} 37. Rxa7 {[%emt 0:03:07]} Bc1 {[%emt 0:00:
00]} 38. Bf8 {[%emt 0:00:14]} f5 {[%emt 0:00:00]} 39. Rxh7 {[%emt 0:02:24]} c2
{[%emt 0:00:00]} 40. Kg2 {[%emt 0:02:41]} Rc8 {[%emt 0:19:18]} 41. Bb4 {
[%emt 0:01:04]} Bg5 {[%emt 0:00:00]} 42. Ba3 {[%emt 0:00:00]} f4 {[%emt 0:00:
00]} 43. h4 {[%emt 0:00:00]} Bd8 {[%emt 0:00:00]} 44. Bc1 {[%emt 0:00:00]} fxg3
{[%emt 0:00:00]} 45. fxg3 {[%emt 0:00:00]} Ra8 {[%emt 0:00:00]} 46. a4 {
[%emt 0:00:00]} Ba5 {[%emt 0:02:45]} 47. Rh5 {[%emt 0:00:00]} Bb4 {[%emt 0:00:
41]} 48. Rg5 {[%emt 0:00:00]} Rb8 {[%emt 0:01:25]} 49. Rb5 {[%emt 0:00:00]}
Rxb5 {[%emt 0:00:21]} 50. axb5 {[%emt 0:00:00]} Kd5 {[%emt 0:00:12]} 51. h5 {
[%emt 0:00:00]} Kc5 {[%emt 0:01:06]} 52. Kf3 {[%emt 0:00:00]} 1-0